000 00647nam a22002057a 4500
005 20151203155216.0
010 _aENG-114286
020 _c550.00
_a9789350354728
035 _aEN-97818
037 _bDBAD/PUB
082 _a344.54014133
100 _aJaising , Indira
245 _aSexual harassment at workplace /
_cby Indira Jaising ; edited by Shomona Khanna
250 _a2nd ed
260 _aNew Delhi
_bUniversal Law Publishing
_c2014
270 _aA-58, , G.T. Karnal Road Industrial Area
_bNew Delhi
_e110033
300 _axxix,314p.
_c24cm(Hb)
700 _aKhanna, Shomona
942 _2ddc
_cEN
_mJAI
_h344.54014133
999 _c97762
_d97762